000 00553nam a2200193Ia 4500
005 20250508164853.0
008 008 250505s9999 xx 000 0 eng d
037 _aDissertations
040 _aFEDL
_beng
_cFEDL
041 _aeng
_2eng
084 _a510.7, ROO/DI
_qFEDL
100 _aRooprai Parvinder
_9779385
245 0 _aIdentification of causes for fear in mathematics
260 _c2005
300 _a109p.
546 _aM. Ed. Dissertation (Delhi University)
942 _cDIS
_h510.7, ROO/DI
999 _c1391709
_d1391709